Szczegóły MARC21

Le théâtre de Giraudoux et la condition humaine /

003 -Nazwa inst., której nr kontr. jest w polu 001 [,]
    • @
    • Nazwa instytucji, której n kontrolny jest w polu 001
    • NUKAT
005 -DATA I CZAS OSTATNIEJ MODYFIKACJI [,]
    • @
    • pole kontrolne
    • 20260408143153.0
040 -Instytucja sporządzająca opis [ , ]
    • a
    • Instytucja, która sporządziła opis (NP)
    • KR U/19MAK
    • c
    • Instytucja, która sporządziła rekord (NP)
    • KR U/19MAK
942 -Rodzaj dokumentu [ , ]
    • c
    • Rodzaj dokumentu
    • Książka
100 -Hasło główne - nazwa osobowa [1, ]
    • a
    • Nazwa osobowa (NP)
    • Mercier-Campiche, Marianne
    • d
    • Daty biograficzne (NP)
    • (1912-1997).
    • 9
    • KHW
    • 647421
245 -Strefa tytułu i oznaczenia odpowiedzialności [1,3]
    • a
    • Tytuł
    • Le théâtre de Giraudoux et la condition humaine / Find
    • c
    • Pozostałe elementy strefy tytułu i oznaczenia odpowiedzialności (NP)
    • Marianne Mercier-Campiche.
260 -Strefa adresu wydawniczego [ , ]
    • a
    • Miejsce wydania (P)
    • Paris :
    • b
    • Nazwa wydawcy (P)
    • Éditions Mondiales,
    • c
    • Data wydania (P)
    • 1969.
300 -Strefa opisu fizycznego [ , ]
    • a
    • Określenie formy książki i/lub objętość (NP)
    • 269, [2] s. ;
    • c
    • Format (NP)
    • 22 cm.
336 -Typ zawartości [ , ]
    • a
    • Termin opisujący typ zawartości
    • Tekst
    • b
    • Kod określający zawartość
    • txt
    • 2
    • Źródło (terminu i kodu)
    • rdacontent
337 -Typ mediów [ , ]
    • a
    • Tryb odtwarzania
    • Bez urządzenia pośredniczącego
    • b
    • Kod typu mediów
    • n
    • 2
    • Źródło (terminu i kodu)
    • rdamedia
338 -Typ/rodzaj nośnika [ , ]
    • a
    • Hasło opisujące typ nośnika
    • Wolumin
    • b
    • Kod typu nośnika
    • nc
    • 2
    • Źródło (terminu i kodu)
    • rdacarrier
380 -Deskryptor - Forma dzieła (P) [ , ]
    • a
    • forma dzieła (NP)
    • Książki
380 -Deskryptor - Forma dzieła (P) [ , ]
    • a
    • forma dzieła (NP)
    • Publikacje naukowe
388 -Deskryptor - czas powstania dzieła (P) [1, ]
    • a
    • Czas powstania dzieła (NP)
    • 1901-2000
388 -Deskryptor - czas powstania dzieła (P) [1, ]
    • a
    • Czas powstania dzieła (NP)
    • 1945-1989
080 -Uniwersalna Klasyfikacja Dziesiętna [ , ]
    • 2
    • Identyfikator wydania tablic
    • UDC-P058
    • 9
    • UKD
    • 47535
    • a
    • Symbol klasyfikacji
    • 792(44)(091)
    • b
    • Dopowiedzenie
    • Historia teatru francuskiego.
    • 4
    • UKD2
    • 7653
    • x
    • Poddział wspólny
    • =133.1
    • c
    • Dopowiedzenie poddz. wspólnego
    • =Język francuski.
    • 4
    • UKD2
    • 8230
    • x
    • Poddział wspólny
    • "19"
    • c
    • Dopowiedzenie poddz. wspólnego
    • Wiek XX.
600 -Hasło przedmiotowe w formie nazwy osobowej [1,7]
    • a
    • Nazwa osobowa
    • Giraudoux, Jean
    • d
    • Daty związane z nazwą
    • (1882-1944)
    • 2
    • Źródło terminu
    • DBN
650 -Hasło przedmiotowe [ ,7]
    • a
    • Hasło przedmiotowe
    • Dramat (gatunek literacki)
    • 2
    • Źródło terminu
    • DBN
    • 9
    • KHW
    • 728113
650 -Hasło przedmiotowe [ ,7]
    • a
    • Hasło przedmiotowe
    • Literatura francuska
    • 2
    • Źródło terminu
    • DBN
    • 9
    • KHW
    • 738192
655 -Hasło w funkcji tematu formalnego [ ,7]
    • a
    • Hasło
    • Monografia
    • 2
    • Źródło terminu
    • DBN
    • 9
    • KHW
    • 721273
658 -Ujęcie treści [ , ]
    • a
    • dziedzina nauki i sztuki/ sfera aktywności życiowej
    • Literaturoznawstwo
980 -Symbol UKD [ , ]
    • a
    • UKD
    • 792(44)(091)"19"=133.1
Numer inwentarzowy Data inwentaryzacji Status udost. Sygnatura Lokalizacja
P.230312012-09-191FR. Sztuka Francji 08BM